Municípios da Região Metropolitana de Gurupi (TO) no mapa - Statistics

Estatísticas Gerais
  • Esse quiz foi jogado 38 vezes
  • A pontuação média é 12 de 18
Respostas no mapa
Respostas codificadas por cores de uma escala verde-vermelha no mapa do quiz de acordo com a % correta abaixo.
 
Estatísticas das Respostas
Município % Correto
Gurupi
100%
Formoso do Araguaia
75%
Lagoa da Confusão
75%
Talismã
75%
Aliança do Tocantins
67%
Alvorada
67%
Araguaçu
67%
Cariri do Tocantins
67%
Dueré
67%
Figueirópolis
67%
Jaú do Tocantins
67%
Palmeirópolis
67%
Sandolândia
67%
São Salvador do Tocantins
67%
Sucupira
67%
Crixás do Tocantins
58%
Peixe
58%
São Valério
58%
Nenhum quiz correspondente encontrado
Distribuição das Pontuações
Porcentagem de Pessoas com Cada Pontuação
Percentil de Números Respondidos
Sua Pontuação Histórica
Você não jogou esse quiz